| 000 | 00810nam a22002417a 4500 | ||
|---|---|---|---|
| 999 |
_c15121 _d15121 |
||
| 003 | MIRAKIL | ||
| 005 | 20221226130107.0 | ||
| 008 | 221226b tu ||||| |||| 00| 0 tur d | ||
| 020 | _a9786258049411 | ||
| 040 |
_aTR-AnCHP _cTR-AnCHP |
||
| 041 | _atur | ||
| 082 |
_a305.26 _bİ77 2022 |
||
| 245 | 1 | 0 |
_aİstanbul'da 100 yaş üstü 40 insan hikayesi/ _cHazırlayanlar: Banu Tuna, Gonca Bilgiç, Haluk Kalafat. |
| 260 |
_aİstanbul: _bİstanbul Büyükşehir Belediyesi, _c2022. |
||
| 300 |
_a488 s.: _bfotg.; _c26 sm. |
||
| 504 | _aDizin vardır. | ||
| 650 | 0 |
_97287 _aYaşlılar _xYaşamöyküsü _zİstanbul(Türkiye) |
|
| 700 |
_96583 _aBozkurt, Ahmet _eyay.yön. |
||
| 700 |
_97288 _aTuna, Banu _ehaz. |
||
| 700 |
_97289 _aBilgiç, Gonca _ehaz. |
||
| 700 |
_97290 _aKalafat, Haluk _ehaz. |
||
| 942 |
_2ddc _cBKS |
||